| 000 | 00642nam a2200205 i 4500 | ||
|---|---|---|---|
| 001 | 101096 | ||
| 003 | ES-MaACL | ||
| 005 | 20251013212908.0 | ||
| 007 | t| | ||
| 008 | 051013s1928 fr ||||1| fre d | ||
| 100 | 1 |
_aMauriac, François, _d1885-1970 _979251 |
|
| 245 | 1 | 3 |
_aLa vie de Jean Racine / _cFrançois Mauriac. |
| 260 |
_aParis : _bPlon et Nourrit, _c1928. |
||
| 300 |
_a3 h., 255 p. ; _c19 cm. |
||
| 490 | 1 |
_aLe roman des grandes existences ; _v15 |
|
| 600 | 1 | 4 |
_aRacine, Jean, _d1639-1699 _994887 |
| 830 | 0 |
_aLe roman des grandes existences ; _v15 _9183871 |
|
| 852 |
_aES-MaACL _jB-13702 |
||
| 999 |
_c101096 _d101096 |
||